00369nam a2200157 a 450000100080000000500110000800800410001910000200006024500250008026000310010530000110013665300120014765300090015970000210016870000220018911150422000-11-23 bl uuuu u0uu1 u #d1 aSILVA, J.G. da. aO cultivo dos solos. a[s.l.]: [s.e.], [s.d.].c0 a[s.p.] aCULTIVO aSOLO1 aSILVA, J.L.C. da1 aSILVA, P.F.C. da.